000 00391nam a2200181Ia 4500
005 20250423094909.0
008 250422s9999 xx 000 0 und d
020 _a9780406010643
050 _aKN 74 .S7/
100 _aStorey, I.R.
245 0 _aConveyancing
250 _a2nd ed.
260 _aEngland
260 _bButterworths
260 _c1987
300 _a346 p
942 _cBK
999 _c28625
_d28625